| 000 | 00966nas a2200337 4500 | ||
|---|---|---|---|
| 001 | BR2011003361 | ||
| 003 | BR-BrBNA | ||
| 005 | 20231205115405.0 | ||
| 007 | ta | ||
| 008 | 230509b bl.|||p| |||| 00| 00por d | ||
| 040 |
_aBR-BrBNA _bpor _cBiblioteca Nacional de Agricultura |
||
| 041 | _a(Pt) | ||
| 072 | _aH60 | ||
| 100 | 1 | _aSantos, M.V. | |
| 100 | 1 | _aFerreira, F.A. | |
| 100 | 1 | _aFreitas, F.C.L. | |
| 100 | 1 | _aIkeda, A.K. | |
| 100 | 1 | _aOliveira, F.L.R. | |
| 100 | 1 | _aRocha, D.C.C. | |
| 100 | 1 | _aLima, J.G. | |
| 100 | 1 | _aSilva, F.N.A. | |
| 100 | 1 | _aAssis, F.G.V. | |
| 245 | 1 | _aTolerância do tifton 85 (Cynodon spp.)e da brachiaria brizantha ao glyphosate | |
| 650 | _aHERBICIDA | ||
| 650 | _aPASTAGEM | ||
| 650 | _aERVA DANINHA | ||
| 650 | _aCAPIM BRACHIARIA | ||
| 773 | 0 |
_tPlanta Daninha (Brazil) _xISSN 0100-8358 _g(Apr-Jun 2008), v. 26(2) p. 353-360 _wBR2011003361 |
|
| 909 |
_a202311 _bLúcia _c55 _dLúcia Elande |
||
| 942 |
_2AGRIS _n0 _cANA |
||
| 999 |
_c213560 _d213560 |
||